000 00417nam a22001817a 4500
003 MPLRDC
005 20220104114406.0
008 210129b ||||| |||| 00| 0 eng d
020 _a7-5080-0757-3
082 _a848.4 JPA-13
100 _a贾平凹
245 _a白夜
_c
250 _a一版一刷
260 _a
_b华夏出版社
_c1995
300 _b
650 _a现代别集
942 _cBK
_o848.4 JPA-13
999 _c7122
_d7112